Projektovanie ekonomických aplikácií

Gespeichert in:
Bibliographische Detailangaben
1. Verfasser: Čarnický, Štefan
Körperschaft: Vysoká škola ekonomická v Bratislave. Detašované pracovisko Fakulty riadenia v Košiciach
Weitere Verfasser: Mizla, Martin, 1955-, Kiš, Jaroslav, Biathová, Jana
Format: Buch
Sprache:Slowakisch
Veröffentlicht: Bratislava Edičné stredisko VŠE 1983
Tags: Tag hinzufügen
Keine Tags, Fügen Sie das erste Tag hinzu!

MARC

LEADER 00000nam a2200000 4500
001 c132535
005 20240502071321.7
041 0 |a slo 
044 |a SK 
245 1 0 |a Projektovanie ekonomických aplikácií  |c Štefan Čarnický a kolektív 
264 1 |a Bratislava  |b Edičné stredisko VŠE  |c 1983 
300 |a 184 s. 
100 1 |a Čarnický, Štefan 
700 1 |a Mizla, Martin, 1955- 
700 1 |a Kiš, Jaroslav 
700 1 |a Biathová, Jana 
710 2 |a Vysoká škola ekonomická v Bratislave. Detašované pracovisko Fakulty riadenia v Košiciach